000 00819nam a2200229 i 4500
001 104887
003 ES-MaACL
005 20230906183722.0
007 t|
008 060522s1966 gw ||||1| fre d
080 _a1(081) Leibniz, Gottfried Wilhelm, Freiherr von
100 1 _aLeibniz, Gottfried Wilhelm
_cFreiherr von.
_971367
245 1 0 _aOpuscules et fragments inédits de Leibniz
_b: extraits des manuscrits de la Bibliothèque Royale de Hanovre /
_cpar Louis Couturat.
260 _aHildesheim :
_bGeorg Olms,
_c1966.
300 _aXIV, 682 p. ;
_c24 cm.
490 1 _aOlms Paperbacks ;
_v27
500 _aBiblioteca Jacinto Martínez Lacalle.
700 1 _aCouturat, Louis.
_941332
830 0 _aOlms Paperbacks ;
_v27
_9184860
852 _aES-MaACL
_jE-11206
_bR.138915
999 _c104887
_d104887